000 01118cam a22003011a 4500
001 17042164
005 20150524114559.0
008 111110t2012 enkad frb 001 0 eng d
020 _a9781409408352 (hbk)
020 _a9781409408369 (ebook)
040 _aDLC
_beng
_cDLC
_dDLC
_dEG-ScBUE
082 0 4 _a382.3
_bASH
_222
245 0 4 _aThe Ashgate research companion to international trade policy /
_cedited by Kenneth Heydon, Stephen Woolcock.
246 3 0 _aResearch companion to international trade policy
246 3 0 _aInternational trade policy
260 _aSurrey :
_bAshgate Publishing Limited ;
_aBurlington :
_bAshgate Publishing Company,
_cc.2012.
300 _axxvi, 559 p. :
_bchart, tables ;
_c25 cm.
504 _aIncludes bibliographical references and index.
650 0 _aInternational trade.
_2BUEsh
650 0 _aCommercial treaties.
_2BUEsh
650 0 _aInternational economic relations.
_2BUEsh
651 _2BUEsh
653 _bBUSECO
_cMay2015
655 _vreading book
_934232
700 1 _aHeydon, Kenneth,
_eeditor.
700 1 _aWoolcock, Stephen,
_eeditor.
942 _2ddc
_k382.3 ASH
999 _c19363
_d19335